USA Men's Basketball Scoring Leaders - Statistics

General Stats
  • This quiz has been taken 20 times
  • The average score is 11 of 33
Answer Stats
Years Player Points % Correct
2004-2012, 2024 LeBron James 358
100%
2012-2024 Kevin Durant 518
95%
1984, 1992 Michael Jordan 256
95%
2008, 2012 Kobe Bryant 217
90%
2004-2016 Carmelo Anthony 336
70%
2004 Allen Iverson 110
50%
1992, 1996 Charles Barkley 231
50%
1992, 1996 Scottie Pippen 160
50%
2008, 2012 Chris Paul 130
45%
1988-1996 David Robinson 270
45%
1992, 1996 Karl Malone 171
45%
2004 Tim Duncan 103
45%
2004, 2008 Dwyane Wade 186
40%
1960 Jerry West 110
40%
1984, 1992 Patrick Ewing 164
40%
1956 Bill Russell 113
35%
2008, 2012 Deron Williams 136
25%
2020, 2024 Devin Booker 126
25%
2020, 2024 Jayson Tatum 112
25%
1984, 1992 Chris Mullin 196
20%
2020, 2024 Jrue Holiday 109
20%
1960 Oscar Robertson 136
20%
2000 Vince Carter 118
20%
1988, 1996 Mitch Richmond 148
10%
1968 Spencer Haywood 145
10%
1976 Adrian Dantley 116
5%
1960 Jerry Lucas 136
5%
1964 Jerry Shipp 112
5%
1968 Jo Jo White 105
5%
1976 Scott May 100
5%
1988 Daniel Majerle 113
0%
1956 Robert Jeangerard 100
0%
1948, 1952 Robert Kurland 132
0%
No matching quizzes found
Score Distribution
Percent of People with Each Score
Percentile by Number Answered
Your Score History
You have not taken this quiz